| 000 | 00552nam a2200169 a 4500 | ||
|---|---|---|---|
| 005 | 20260322212010.0 | ||
| 008 | data | ||
| 096 | _aWM 425 L544 2004 | ||
| 100 | 1 | _aGilbert J Botvin | |
| 245 | 1 | 0 |
_aLife skills training : _bpromoting health and personal development _cGilbert J Botvin. |
| 260 |
_aWhite Plains, New York _bPrinceton Health Press _c2004 |
||
| 300 | _b1 volume (loose-leaf) : illustrations ; 28 cm + Student guide (48 pages : illust | ||
| 650 | 0 | _aChild psychology | |
| 650 | 0 | _aLife skills | |
| 650 | 0 | _aDecision making in children | |
| 001 | data | ||
| 999 |
_c197 _d197 |
||